<?xml version="1.0" encoding="UTF-8"?>
<record
    xmlns:xsi="http://www.w3.org/2001/XMLSchema-instance"
    xsi:schemaLocation="http://www.loc.gov/MARC21/slim http://www.loc.gov/standards/marcxml/schema/MARC21slim.xsd"
    xmlns="http://www.loc.gov/MARC21/slim">

  <leader>01096nam a22002417a 4500</leader>
  <controlfield tag="003">CUTN</controlfield>
  <controlfield tag="005">20251028123024.0</controlfield>
  <controlfield tag="008">251028b        |||||||| |||| 00| 0 eng d</controlfield>
  <datafield tag="020" ind1=" " ind2=" ">
    <subfield code="a">9788179502952</subfield>
  </datafield>
  <datafield tag="041" ind1=" " ind2=" ">
    <subfield code="a">English</subfield>
  </datafield>
  <datafield tag="082" ind1=" " ind2=" ">
    <subfield code="2">23</subfield>
    <subfield code="a">782.01</subfield>
    <subfield code="b">GIR</subfield>
  </datafield>
  <datafield tag="100" ind1=" " ind2=" ">
    <subfield code="a">Giri Trading Agency.</subfield>
  </datafield>
  <datafield tag="240" ind1=" " ind2=" ">
    <subfield code="a">Sangeeta Bala Padam : Part 1 Tamil/</subfield>
  </datafield>
  <datafield tag="245" ind1=" " ind2=" ">
    <subfield code="a">&#xBB8;&#xB99;&#xBCD;&#xB95;&#xBC0;&#xBA4; &#xBAA;&#xBBE;&#xBB2; &#xBAA;&#xBBE;&#xB9F;&#xBAE;&#xBCD; : </subfield>
    <subfield code="b">&#xBAA;&#xBBE;&#xB95;&#xBAE;&#xBCD; 1/</subfield>
  </datafield>
  <datafield tag="250" ind1=" " ind2=" ">
    <subfield code="a">3rd ed. </subfield>
  </datafield>
  <datafield tag="260" ind1=" " ind2=" ">
    <subfield code="a">Chennai:</subfield>
    <subfield code="b">Giri Trading Agency,</subfield>
    <subfield code="c">2016.</subfield>
  </datafield>
  <datafield tag="300" ind1=" " ind2=" ">
    <subfield code="a">104 p. :</subfield>
    <subfield code="b">ill. ;</subfield>
    <subfield code="c">26 cm.</subfield>
  </datafield>
  <datafield tag="500" ind1=" " ind2=" ">
    <subfield code="a">1. In Tamil (romanised); prefatory matter in English with musical letter notations.
2. Songs in Tamil with music in letter notation.</subfield>
  </datafield>
  <datafield tag="505" ind1=" " ind2=" ">
    <subfield code="t">Talas</subfield>
    <subfield code="t">Sthayi's</subfield>
    <subfield code="t">Melakartaraga.`</subfield>
    <subfield code="t">1. Swaravali Varisaigal.</subfield>
    <subfield code="t">2. Janta Varisaigal.</subfield>
    <subfield code="t">3. Upper Sthayi Varisaigal.</subfield>
    <subfield code="t">4. Dhattu Varisaigal.</subfield>
    <subfield code="t">5. Sapta Tala Alankara's</subfield>
    <subfield code="t">6. Gitam's</subfield>
    <subfield code="t">7. Swarajati's</subfield>
    <subfield code="t">8. Note's</subfield>
    <subfield code="t">9. Kriti's.</subfield>
    <subfield code="t">10. Tevaram</subfield>
    <subfield code="t">11. Bruga Sadhaka Varisaigal.</subfield>
    <subfield code="t">12. Meanngs of Gitam's</subfield>
  </datafield>
  <datafield tag="650" ind1=" " ind2=" ">
    <subfield code="a">Carnatic music -- Instruction and study.</subfield>
  </datafield>
  <datafield tag="650" ind1=" " ind2=" ">
    <subfield code="a">Musical notation.</subfield>
  </datafield>
  <datafield tag="942" ind1=" " ind2=" ">
    <subfield code="2">ddc</subfield>
    <subfield code="c">BOOKS</subfield>
  </datafield>
  <datafield tag="999" ind1=" " ind2=" ">
    <subfield code="c">46091</subfield>
    <subfield code="d">46091</subfield>
  </datafield>
  <datafield tag="952" ind1=" " ind2=" ">
    <subfield code="0">0</subfield>
    <subfield code="1">0</subfield>
    <subfield code="2">ddc</subfield>
    <subfield code="4">0</subfield>
    <subfield code="7">0</subfield>
    <subfield code="8">NFIC</subfield>
    <subfield code="a">CUTN</subfield>
    <subfield code="b">CUTN</subfield>
    <subfield code="c">700</subfield>
    <subfield code="d">2025-10-28</subfield>
    <subfield code="l">0</subfield>
    <subfield code="o">782.01 GIR</subfield>
    <subfield code="p">49195</subfield>
    <subfield code="r">2025-10-28 12:30:54</subfield>
    <subfield code="w">2025-10-28</subfield>
    <subfield code="y">BOOKS</subfield>
  </datafield>
</record>
